| 000 | 00671nam a22002417a 4500 | ||
|---|---|---|---|
| 005 | 20220720132234.0 | ||
| 008 | 220720b ||||| |||| 00| 0 eng d | ||
| 040 | _cAL | ||
| 041 | _aEnglish | ||
| 082 |
_223 _a324.2540 _bSOCW |
||
| 100 |
_aSocialist Party _951801 |
||
| 245 | _aWe Build for Socialism | ||
| 260 |
_aBombay _bSocialist Party _c1951 |
||
| 300 |
_a55 p. _bPB _c10.3x10.5 cm. |
||
| 650 |
_aIndia _951802 |
||
| 650 |
_aSocialism _951803 |
||
| 650 |
_aPolitics and government _951804 |
||
| 650 |
_aPolitical parties _951805 |
||
| 650 |
_aSocialist Party (India) _951806 |
||
| 650 |
_aIndia _951802 |
||
| 700 |
_aSOCIALIST PARTY _951807 |
||
| 942 |
_2ddc _cGF |
||
| 999 |
_c224032 _d224032 |
||